=LDR 00000nam 2200000 4500 =001 INLIS000000000021757 =005 20130612120602 =008 ***********************************Ind** =035 ##$$0010-061300000021757 =041 ##$$a Ind =082 ##$$a 519 =090 ##$$a 519, Des m =100 ##$$a Desmizar =245 ##$$a Matematika untuk ekonomi dan bisnis, Desmizar, Kasir Iskandar =260 ##$$a 2003 $b Jakarta =300 ##$$a ix, 310 hlm, ilus, 23 cm =650 ##$$a Matematika bisnis =700 ##$$a Iskandar, Kasir =850 ##$$a NBPNMAT =990 ##$$a 21400613/BPAP-NTB/20142014 =990 ##$$a 2090101175/BPAP-NTB/2015 =990 ##$$a 0001/BPAP-NTB/2015 =990 ##$$a 07220722 =990 ##$$a 30700983 =990 ##$$a 30700981 =990 ##$$a 30700982 =990 ##$$a 30700983 =990 ##$$a 21400613/BPAP-NTB/20142014 =990 ##$$a 2090101175/BPAP-NTB/2015 =990 ##$$a 0001/BPAP-NTB/2015